Państwa europy w kolejności alfabetycznej. - Statystyki

Ogólne statystyki
  • Ten quiz został rozwiązany 75 razy
  • Średni wynik to 19 z 20
Statystyki odpowiedzi
Litera Kraj % Poprawnych
A Albania/Andora/Austria
100%
B Białoruś/Belgia/Bośnia/Bułgaria
98%
C Chorwacja/Czarnogóra/Czechy
98%
D Dania
98%
E Estonia
98%
F Finlandia/Francja
98%
H Hiszpania/Holandia
98%
L Litwa/Liechtenstein/Litwa/Luksemburg
98%
Ł Łotwa
98%
M Monako/Malta/Mołdawia/Macedonia
97%
P Polska/Portugalia
97%
R Rosja/Rumunia
97%
S San marino/Serbia/Słowacja/Słowenia/Szwajcaria/Szwecja
97%
W Watykan/Wielka Brytania/Włochy/Węgry
97%
G Grecja
95%
I Irlandia/Islandia
95%
N Niemcy/Norwegia
95%
T Turcja
89%
U Ukraina
89%
K Kosowo
86%
Nie znaleziono quizów pasujących do podanych kryteriów
Rozkład punktacji
Procent ludzi z każdym wynikiem
Percentyl według liczby udzielonych odpowiedzi
Twoja historia wyników
Nie rozwiązałeś tego quizu